| 000 | 01997nam0a2200373 4500 | ||
|---|---|---|---|
| 001 | RU\NLR\bibl\338108 | ||
| 005 | 20250621150627.0 | ||
| 021 |
_aRU _b2002-39871 _91940 |
||
| 035 | _a(NLR Aleph) 000333010 | ||
| 090 |
_a168807 _c168807 |
||
| 100 | _a20021104d2002 |||y0rusy50 ca | ||
| 101 | 0 | _arus | |
| 102 | _aRU | ||
| 105 | _aa ||||||||| | ||
| 200 | 1 |
_aУправление качеством в сфере телекоммуникаций _eМодул. прогр. переподгот. менеджеров "Упр. деятельностью негос. предприятий связи и информатики в условиях рыноч. экономики" _eМодуль 7 _eУчеб. пособие _fЕ. И. Чернышевская _gПод ред. С. Г. Ситникова, Б. И. Крука; М-во Рос. Федерации по связи и информатизации, Сиб. гос. ун-т телекоммуникаций и информатики |
|
| 210 |
_aНовосибирск _cСибГУТИ _d2002 |
||
| 215 |
_a270, [1] с. _cил. _d20 |
||
| 320 | _aБиблиогр.: с. 263-264 | ||
| 606 | 0 |
_aЭлектрическая связь _jРуководства, пособия и т.п. _xКачество _xУправление _92274669 _3RU\NLR\auth\661363207 |
|
| 606 | 0 |
_aЭлектрическая связь _jУчебные издания _xКачество _xУправление _92274669 _3RU\NLR\auth\661363207 |
|
| 610 | 0 | _aСвязь, предприятия - Продукция - Качество | |
| 675 |
_a658.62.018(075.8) _v3 _zrus |
||
| 686 |
_a06.81 _2rugasnti |
||
| 686 |
_a30.607я73 _2rubbk |
||
| 686 | _aУ38(2)6-823.2-21я7 | ||
| 700 | 1 |
_aЧернышевская _bЕ. И. _gЕлена Ильинична _4070 |
|
| 801 | 0 |
_aRU _bRKP _c20021104 _gPSBO |
|
| 801 | 1 |
_aRU _bRKP _c20021104 |
|
| 801 | 2 |
_aRU _bNLR _c20030210 _grcr |
|
| 830 | _aАвт. по кн. | ||
| 942 | _cBOOK | ||
| 980 | _aNB | ||